000 00366nam a2200157Ia 4500
001 10907
008 140331s9999 xx 000 0 und d
020 _a981-3087-73-0
040 _cPK-LaUMT
082 _a 220
_bBUS-
245 4 _aThe businessman's topical Bible : New international version
260 _c1997
300 _a320 p.
546 _aEN
942 _cBK
999 _c11847
_d11847